Varil nám osud kašičku ; Vo vetre počul som ťa ; Každá duša dva brehy má

Bibliographic Details
Main Author: Krell, Roman (Author)
Format: Article
Language:Slovak
ISSN:1335-3470
Subjects:

MARC

LEADER 00000nab a2200000 a 4500
001 vtls000861221
003 SK-MaSNL
005 20260302171720.0
008 140512c2003 xo 0 slo
015 |a SNBRB2004/02-03590 
035 |a CLN000212818 
040 |a SNKBUCL  |b slo  |c SNKBUCL  |e AACR2 
041 0 |a slo 
044 |a xo  |c SK 
080 |a 821.162.4-1  |2 1997 
100 1 |a Krell, Roman  |4 aut  |9 876373 
245 1 0 |a Varil nám osud kašičku ; Vo vetre počul som ťa ; Každá duša dva brehy má  |c Roman Krč Krell 
650 0 7 |a lyrické básne, slovenské  |2 snkbucl  |9 28980 
655 7 |a články z novín a časopisov  |2 snkbucl  |9 267496 
773 0 |t Kultúra  |g Roč. 6, č. 22 (2003), s. 16  |x 1335-3470 
850 |a Slovenská národná knižnica v Martine 
852 |a SNK  |b KIS3GCP 
958 |a LX 
992 |a RBX 
999 |c 1396721  |d 1398651